000 00632nam a2200205Ii 4500
003 JO-AjNU
008 230605s9999||||xx |||||||||||||| ||und||
040 _aJO-AjNU
_bara
_erda
_cJO-AjNU
041 _aara
050 1 4 _aDS38.5.A95 1996
100 3 _aالعظم، أسيمة,
_eauthor
_918728
245 0 0 _aالمجتمع في العصر الاموي
250 _aط1
264 3 1 _aبيروت: دار العلم للملايين، 1996
300 _a159ص
336 _atext
_btxt
_2rdacontent
337 _aunmediated
_bn
_2rdamedia
338 _avolume
_bnc
_2rdacarrier
650 4 _aالعصر الاموي- تاريخ
_918729
999 _aA6045
_c9613
_d9613